Представление документа в формате RUSMARC

ПолеНазваниеЗначение
  Тип записи c
  Библиографический уровень m
001 Контрольный номер RU/УОНБ/EK_N/697211648
005 Дата корректировки 20250520123120.7
010 Индекс ISBN __
9 Тираж 3800 экз.
013 Номер (ISMN) __
d Цена 90 к.
071 Издательские номер (звукозапись и ноты) 21
a Номер, присвоенный агентством 6067
100 Данные общей обработки __
a Данные общей обработки 20220203d1982 u y0rusy0189||||ca
101 Язык документа 0_
a Язык текста rus
f Язык титульного листа rus
102 Страна публикации __
a Страна публикации RU
105 Кодированные данные (монография) __
a Кодированные данные (монография) y###||||000|y
125 Кодированные данные звукозаписи и нотных изданий __
a Форма изложения нотного текста с|
128 Кодированные данные (звукозаписи-физические характеристики) __
a Кодированные данные: Музыкальная форма и тональность или лад zz
c Инструменты или голоса, рекомендуемые для солистов (устаревшее) kt||
200 Заглавие и сведения об ответственности 1_
a Заглавие Популярная музыка композиторов Татарии
b Общее обозначение материала Ноты
e Сведения, относящиеся к заглавию пьесы для баяна
f Первые сведения об ответственности сост. С. Хабибуллин
210 Выходные данные 1_
a Место издания Москва
c Издательство Советский композитор
d Дата издания 1982
215 Физическое описание __
a Объем 59 с.
d Формат 29 см
327 Примечание о содержании 11
a Примечание о содержании Содерж. : Жиганов Н. Такмак ; Татарская мелодия ; Сказка. - Яруллин М. Вальс ; Танец шайтана : из балета "Шурале" ; Танец лешего : из "Детской сюиты". - Ключарев А. Танец воинов : из балета "Горная быль". - Монасыпов А. Танец. - Еникеев Р. Сонатина. - Яхин Р. Юмореска. - Мулюков Б. Три пьесы : Фугетта ; Баллада ; Скерцо. - Валиуллин Х. Танец. - Белялов Р. Фуга № 2.
464 Аналитический уровень _0
1 2001
a Такмак
1 700 1
a Жиганов
b Н.
464 Аналитический уровень _0
1 2001
a Вальс
1 700 1
a Яруллин
b М.
464 Аналитический уровень _0
1 2001
a Танец воинов
e из балета "Горная быль"
1 700 1
a Ключарев
b А.
1 50010
a Горная быль
464 Аналитический уровень _0
1 2001
a Танец
1 700 1
a Монасыпов
b А.
464 Аналитический уровень _0
1 2001
a Сонатина
1 700 1
a Еникеев
b Р.
464 Аналитический уровень _0
1 2001
a Юмореска
1 700 1
a Яхин
b Р.
464 Аналитический уровень _0
1 2001
a Фугетта
1 700 1
a Мулюков
b Б.
464 Аналитический уровень _0
1 2001
a Танец
1 700 1
a Валиуллин
b Х.
464 Аналитический уровень _0
1 2001
a Фуга № 2
1 700 1
a Белялов
b Р.
464 Аналитический уровень _0
1 2001
a Сказка
1 700 1
a Жиганов
b Н.
464 Аналитический уровень _0
1 2001
a Татарская мелодия
1 700 1
a Жиганов
b Н.
464 Аналитический уровень _0
1 2001
a Танец шайтана
e из балета "Шурале"
1 700 1
a Яруллин
b М.
1 50010
a Шурале
464 Аналитический уровень _0
1 2001
a Танец Лешего
e из "Детской сюиты"
1 700 1
a Яруллин
b М.
1 50010
a Детская сюита
464 Аналитический уровень _0
1 2001
a Скерцо
1 700 1
a Мулюков
b Б.
464 Аналитический уровень _0
1 2001
a Баллада
1 700 1
a Мулюков
b Б.
512 Заглавие обложки 1_
a Заглавие обложки Популярная музыка композиторов Татарии
606 Тематические рубрики 0_
a Основная рубрика Баян
x Основная подрубрика Пьесы
x Основная подрубрика Переложения
610 Ключевые слова 0_
a Ключевые слова баян
610 Ключевые слова 0_
a Ключевые слова пьесы
610 Ключевые слова 0_
a Ключевые слова переложения
686 Индексы других классификаций __
a Классификационный индекс 85.954.6-09(2)я43
2 Код системы rubbk
702 Вторичная интеллектуальная ответственность _1
a Фамилия Хабибуллин
b Имя (инициалы) С.
4 Код отношения 220
801 Источник записи _0
a Страна RU
b Организация Ульяновская ОНБ
c Дата составления 20220203
g Правила каталогизации RCR
801 Источник записи _1
a Страна RU
b Организация Ульяновская ОНБ
c Дата составления 20220203
g Правила каталогизации RCR
901 Тип документа __
t Тип документа m
909 Создатель записи __
a Создатель записи Лобина Л. И.
938 Служебная информация __
a Имя БД noti
b Имя библиотеки УОНБ
c Имя АИБС МАРК-SQL
d Номер DOC_ID в БД 25391